| 000 | 00671nam1a22002291i 4500 | ||
|---|---|---|---|
| 001 | rc\2872263 | ||
| 005 | 20240726103440.0 | ||
| 035 | _a(NLR Aleph) 007025563 | ||
| 090 |
_a5951586 _c5951586 |
||
| 100 | _a20110714d1931 |||y0rusy50 ca | ||
| 101 | 0 | _arus | |
| 102 | _aRU | ||
| 105 | _ay z ||||| | ||
| 200 | 1 |
_aКурс истории ВКП(б) _eВып. 3 |
|
| 205 | _a2-е изд., стер. | ||
| 210 |
_aМосква _aЛенинград _cСоцэкгиз _d1931 |
||
| 215 | _d23 см | ||
| 700 | 1 |
_aВолосевич _bВ.О. _gВладислав Оттонович |
|
| 801 | 0 |
_aRU _bNLR _gpsbo |
|
| 801 | 1 |
_aRU _bELAR _2rusmarc |
|
| 852 |
_aNLR _j31-18/117 |
||
| 942 | _cBOOK | ||